Rapiditié : réécris le mot #2 (cinéma) - Statistiques

Statistiques générales
  • Ce quiz a été pris 525 fois
    497 depuis la dernière actualisation
  • Le résultat moyen est 13 sur 20
Statistiques - réponses
Bonne chance :) Bonne chance :) % Correct
Cinéma Cinéma
100%
Dujardin Dujardin
96%
écran écran
96%
pop-corn pop-corn
94%
sièges sièges
94%
réalisateur réalisateur
89%
scénario scénario
87%
casting casting
84%
montage montage
81%
scène scène
80%
acteur acteur
77%
tournage tournage
72%
lumière lumière
59%
effets spéciaux effets spéciaux
38%
script script
38%
producteur producteur
23%
décor décor
18%
doublage doublage
17%
Titanic Titanic
14%
critiques critiques
10%
Aucun quiz correspondant
Distribution des résultats
% des personnes avec chaque résultat
Percentile par nombre de réponses
Votre historique - résultats
Vous n’avez pas pris ce quiz depuis la dernière actualisation